| 000 | 00452nam a2200181Ia 4500 | ||
|---|---|---|---|
| 001 | 25327 | ||
| 005 | 20260414151142.0 | ||
| 008 | 260414t2009||||xx |||||||||||||| ||spa|| | ||
| 041 | _aESP | ||
| 082 |
_a346.5 _bA46 |
||
| 100 |
_aAlterini, Atilio Aníbal _eAUT |
||
| 245 | 0 |
_aDerecho de obligaciones : _bCiviles y comerciales |
|
| 260 | _c2009 | ||
| 300 |
_a1028 páginas : _c22 cm. |
||
| 650 | _aDER | ||
| 654 | _aCDE | ||
| 942 |
_cLIB _dJUS _fJUS _2ddc _n |
||
| 999 |
_c25327 _d25327 |
||